Detalles MARC
| 000 -CABECERA |
| campo de control de longitud fija |
01344nam a2200241 a 4500 |
| 001 - NÚMERO DE CONTROL |
| campo de control |
000048422 |
| 005 - FECHA Y HORA DE LA ÚLTIMA TRANSACCIÓN |
| campo de control |
20240313073820.0 |
| 008 - DATOS DE LONGITUD FIJA--INFORMACIÓN GENERAL |
| campo de control de longitud fija |
190314s2018 dr ac 000 m spa d |
| 020 ## - NÚMERO INTERNACIONAL ESTÁNDAR DEL LIBRO |
| Número Internacional Estándar del Libro |
9789945590715 |
| 040 ## - FUENTE DE LA CATALOGACIÓN |
| Centro catalogador/agencia de origen |
DO-SdBNP |
| Lengua de catalogación |
spa |
| Centro/agencia transcriptor |
BNPHU |
| 082 ## - NÚMERO DE LA CLASIFICACIÓN DECIMAL DEWEY |
| Número de clasificación |
xxxx |
| Número de documento/Ítem |
J61g |
| 100 1# - ENTRADA PRINCIPAL--NOMBRE DE PERSONA |
| Nombre de persona |
Jiménez, Máximo |
| 9 (RLIN) |
75836 |
| 245 13 - MENCIÓN DE TÍTULO |
| Título |
La gran aventura de la bachata urbana / |
| Mención de responsabilidad, etc. |
Máximo Jiménez ; Prólogo de José Rafael Lantigua. |
| 260 ## - PUBLICACIÓN, DISTRIBUCIÓN, ETC. |
| Lugar de publicación, distribución, etc. |
Santo Domingo : |
| Nombre del editor, distribuidor, etc. |
FUNGLODE, |
| Fecha de publicación, distribución, etc. |
2018. |
| 300 ## - DESCRIPCIÓN FÍSICA |
| Extensión |
140 p. : |
| Otras características físicas |
il., retrs. ; |
| Dimensiones |
23 cm. |
| 490 1# - MENCIÓN DE SERIE |
| Mención de serie |
Cultura |
| 500 ## - NOTA GENERAL |
| Nota general |
Incluye datos biográficos del autor en las solapas |
| 505 0# - NOTA DE CONTENIDO CON FORMATO |
| Nota de contenido con formato |
Agradecimientos -- |
| Título |
Prólogo -- |
| -- |
Cronología del grupo Aventura -- |
| -- |
Introducción: «Bachata Rosa » -- |
| -- |
Hijos de la diáspora -- |
| -- |
El sueño de cuatro «tinellers» -- |
| -- |
Una nueva generación de la bachata -- |
| -- |
La obseción por el éxito se hace canción -- |
| -- |
La gran Aventura de la bachata -- |
| -- |
They Got the Crown -- |
| -- |
Crónica de los que vinieron detrás -- |
| -- |
El gran salto a la consagración -- |
| -- |
Culminación inevitable -- |
| -- |
¿A quién le llegó su final? -- |
| -- |
Y la historia continuará -- |
| -- |
Apuntes finales -- |
| -- |
Referencias -- |
| -- |
Discografía. |
| 590 ## - NOTA LOCAL (RLIN) |
| Nota local |
Inventariado, 2019/LP |
| 700 1# - PUNTO DE ACCESO ADICIONAL--NOMBRE DE PERSONA |
| Nombre de persona |
Lantigua, José Rafael, |
| Fechas asociadas al nombre |
1949- |
| Término indicativo de función/relación |
Pról. |
| 9 (RLIN) |
1438 |
| 710 22 - PUNTO DE ACCESO ADICIONAL--NOMBRE DE ENTIDAD CORPORATIVA |
| Nombre de entidad corporativa o nombre de jurisdicción como elemento de entrada |
Fundación Global Democracía y Desarrollo |
| 9 (RLIN) |
25477 |
| 830 #0 - PUNTO DE ACCESO ADICIONAL DE SERIE-TÍTULO UNIFORME |
| Título uniforme |
Cultura |
| 9 (RLIN) |
56064 |